=LDR 00000nam 2200000 4500 =001 001013 =005 20250712025419 =035 ##$$a 0010-0725000892 =007 ta =008 250712################a##########0#ind## =020 ##$$a 978-623-307-152-9 =082 ##$$a 398. 209 598 =084 ##$$a 398. 209 598 PRA t =100 #$$a Pratiwi, Erika =245 1#$$a Tongkat Kenangan Kakek /$c Erika Pratiwi =250 ##$$a Cetakan Pertama =260 ##$$a Jakarta Timur :$b Badan Pengembangan dan Pembinaan Bahasa,$c 2024 =300 ##$$a 24 hlm. : $b Ilus. ; $c 29,7 cm =650 #4$$a Cerita Anak - Indonesia =990 ##$$a TBM2024006252